| 000 | 00702nam a2200205 i 4500 | ||
|---|---|---|---|
| 001 | 81479 | ||
| 003 | ES-MaACL | ||
| 007 | t| | ||
| 008 | 041104s1967 sp ||||1| spa d | ||
| 100 | 1 |
_aHuber, Ernst Rudolf. _964481 |
|
| 245 | 1 | 0 |
_aAdministración autónoma de la economía / _cErnst Rudolf Huber ; [traducción: Celestino Fernández de la Vega]. |
| 250 | _a[1ª ed.]. | ||
| 260 |
_aMadrid : _b[Escuela Nacional de Administración Pública], _c1967. |
||
| 300 |
_a117 p. ; _c22 cm. |
||
| 490 | 1 | _aEstudios administrativos | |
| 700 | 1 |
_aFernández de la Vega, Celestino. _949678 |
|
| 830 | 0 |
_aEstudios administrativos _9181549 |
|
| 852 |
_aES-MaACL _jE-5778 _bR.90212 |
||
| 999 |
_c81479 _d81479 |
||